Sports Quiz

Random Sports or Soccer Quiz

IFFHS Best Goalkeeper Rankings (2000-) Quiz Stats

Quiz Updated Feb 16, 2017

Challenge
Share
Tweet
Embed
Score 0/167 Timer 10:00
19 Plays Today
Year Player % Correct
2012Gianluigi Buffon
95.6%
2000Gianluigi Buffon
95.6%
2001Gianluigi Buffon
95.6%
2002Gianluigi Buffon
95.6%
2003Gianluigi Buffon
95.6%
2004Gianluigi Buffon
95.6%
2005Gianluigi Buffon
95.6%
2006Gianluigi Buffon
95.6%
2007Gianluigi Buffon
95.6%
2008Gianluigi Buffon
95.6%
2009Gianluigi Buffon
95.6%
2010Gianluigi Buffon
95.6%
2011Gianluigi Buffon
95.6%
2015Gianluigi Buffon
95.1%
2016Gianluigi Buffon
95%
2013Gianluigi Buffon
94.8%
2014Gianluigi Buffon
94.8%
2000Iker Casillas
94.8%
2001Iker Casillas
94.8%
2002Iker Casillas
94.8%
2003Iker Casillas
94.8%
2004Iker Casillas
94.8%
2005Iker Casillas
94.8%
2006Iker Casillas
94.8%
2007Iker Casillas
94.8%
2008Iker Casillas
94.8%
2009Iker Casillas
94.8%
2010Iker Casillas
94.8%
2011Iker Casillas
94.8%
2012Iker Casillas
94.5%
2003Petr Cech
93.6%
2004Petr Cech
93.6%
2005Petr Cech
93.6%
2006Petr Cech
93.6%
2007Petr Cech
93.6%
2008Petr Cech
93.6%
2009Petr Cech
93.6%
2010Petr Cech
93.6%
2011Petr Cech
93.6%
2012Petr Cech
93.5%
2015Manuel Neuer
93.1%
2015Iker Casillas
93%
2013Iker Casillas
92.8%
2016Manuel Neuer
92.7%
2013Manuel Neuer
92.5%
2014Manuel Neuer
92.5%
2015Petr Cech
92.2%
2013Petr Cech
92.1%
2014Petr Cech
92.1%
2016David de Gea
90.6%
2012Manuel Neuer
89.9%
2000Edwin van der Sar
88.3%
2005Edwin van der Sar
88.3%
2006Edwin van der Sar
88.3%
2007Edwin van der Sar
88.3%
2008Edwin van der Sar
88.3%
Year Player % Correct
2009Edwin van der Sar
88.3%
2010Edwin van der Sar
88.3%
2011Edwin van der Sar
88.3%
2012Joe Hart
88.2%
2010Manuel Neuer
88%
2011Manuel Neuer
88%
2016Hugo Lloris
87.9%
2011Joe Hart
87.5%
2016Thibaut Courtois
87%
2015David de Gea
86.8%
2015Thibaut Courtois
86.7%
2014Hugo Lloris
86.5%
2003Tim Howard
86.2%
2009Tim Howard
86.2%
2010Tim Howard
86.2%
2013Thibaut Courtois
86%
2014Thibaut Courtois
86%
2000Oliver Kahn
85.8%
2001Oliver Kahn
85.8%
2002Oliver Kahn
85.8%
2003Oliver Kahn
85.8%
2004Oliver Kahn
85.8%
2005Oliver Kahn
85.8%
2012Victor Valdes
85.6%
2009Victor Valdes
85.2%
2010Victor Valdes
85.2%
2011Victor Valdes
85.2%
2012Hugo Lloris
84.5%
2013Victor Valdes
83.1%
2000Fabien Barthez
82.2%
2001Fabien Barthez
82.2%
2002Fabien Barthez
82.2%
2003Fabien Barthez
82.2%
2006Fabien Barthez
82.2%
2016Keylor Navas
81.3%
2007Pepe Reina
80.9%
2008Pepe Reina
80.9%
2009Pepe Reina
80.9%
2016Claudio Bravo
79.5%
2015Claudio Bravo
78.4%
2003Nelson Dida
76.1%
2004Nelson Dida
76.1%
2005Nelson Dida
76.1%
2006Nelson Dida
76.1%
2007Nelson Dida
76.1%
2014Claudio Bravo
75.5%
2014Keylor Navas
74.9%
2015Marc Andre Ter Stegen
74.9%
2007Julio César
74.7%
2008Julio César
74.7%
2009Julio César
74.7%
2010Julio César
74.7%
2011Julio César
74.7%
2002Jens Lehmann
72.3%
2006Jens Lehmann
72.3%
2007Jens Lehmann
72.3%
Year Player % Correct
2008Jens Lehmann
72.3%
2016Jan Oblak
70.7%
2014Sergio Romero
69.7%
2001Jerzy Dudek
69.1%
2002Jerzy Dudek
69.1%
2005Jerzy Dudek
69.1%
2013Salvatore Sirigu
57.8%
2002Brad Friedel
55.3%
2000Peter Schmeichel
54.5%
2008Igor Akinfeev
54.5%
2009Igor Akinfeev
54.5%
2014Guillermo Ochoa
52.1%
2012Samir Handanovic
51.5%
2016Rui Patricio
49.1%
2001Santiago Canizares
47.4%
2004Santiago Canizares
47.4%
2000Francesco Toldo
46.5%
2001Francesco Toldo
46.5%
2002Francesco Toldo
46.5%
2003Francesco Toldo
46.5%
2010Maarten Stekelenburg
42.7%
2000José Luis Chilavert
42.2%
2001José Luis Chilavert
42.2%
2002Rüstü Reçber
40.6%
2015Daniel Subasic
40.1%
2010Fernando Muslera
39%
2011Fernando Muslera
39%
2008Guillermo Ochoa
34.5%
2000Claudio Taffarel
33.8%
2000Vitor Baia
33.6%
2004Vitor Baia
33.6%
2006Ricardo
31.1%
2014Vincent Enyeama
30.1%
2005Grégory Coupet
28.3%
2009René Adler
27.3%
2005Rogério Ceni
24.1%
2007Rogério Ceni
24.1%
2004Antonios Nikopolidis
21.8%
2002Marcos
19.1%
2003Timo Hildebrand
17.3%
2007Andrés Palop
17%
2003Roberto Abbondanzieri
16%
2004Roberto Abbondanzieri
16%
2005Roberto Abbondanzieri
16%
2006Roberto Abbondanzieri
16%
2006Oswaldo Sanchez
10.6%
2000Oscar Cordoba
8.3%
2001Oscar Cordoba
8.3%
2011Justo Villar
7.1%
2012Cássio
7%
2015Marcelo Barovero
4.1%
2001Ruslan Nigmatullin
3.4%
2016Denis Onyango
2.4%
2004Juan Carlos Henao
2.4%
2008José Francisco Cevallos
1.8%

You're not logged in!

Compare scores with friends on all Sporcle quizzes.
Sign Up with Email
OR
Log In

You Might Also Like...

Show Comments

Extras

Top Quizzes Today


Score Distribution

Your Account Isn't Verified!

In order to create a playlist on Sporcle, you need to verify the email address you used during registration. Go to your Sporcle Settings to finish the process.